Bisagra/ (Record no. 3943)

MARC details
000 -LEADER
campo de control de longitud fija 01523nam a22003737a 4500
003 - IDENTIFICADOR DE NÚMERO DE CONTROL
campo de control OSt
005 - FECHA Y HORA DE LA ÚLTIMA TRANSACCIÓN
campo de control 20230628091712.0
008 - DATOS DE LONGITUD FIJA--INFORMACIÓN GENERAL
campo de control de longitud fija 221006b |||||||| |||| 00| 0 eng d
020 ## - NÚMERO INTERNACIONAL ESTÁNDAR DEL LIBRO
Número Internacional Estándar del Libro 978 612 47155 0 1
040 ## - FUENTE DE CATALOGACIÓN
Centro/agencia transcriptor Biblioteca Lado V
082 ## - NÚMERO DE LA CLASIFICACIÓN DECIMAL DEWEY
Número de clasificación 701.18
Número de ítem B621b
130 ## - ENTRADA PRINCIPAL--TÍTULO UNIFORME
Título uniforme BISAGRA
Lenguaje de la obra spa
245 ## - MENCIÓN DEL TÍTULO
Título Bisagra/
260 ## - PUBLICACIÓN, DISTRIBUCIÓN, ETC.
Lugar de publicación, distribución, etc. Peru
Fecha de publicación, distribución, etc. 2017
Nombre del editor, distribuidor, etc. Asociación Cultural Bisagra
300 ## - DESCRIPCIÓN FÍSICA
Dimensiones 19.5x27cm
Extensión 117p.
366 ## - INFORMACIÓN SOBRE DISPONIBILIDAD COMERCIAL
Nota spa
490 ## - MENCIÓN DE SERIE
Mención de serie 002
Designación de volumen o secuencia 2017
505 ## - NOTA DE CONTENIDO CON FORMATO
Título Contando tu propia historia, creando deseos ajenos (el arte hoy según Boris Groys)
505 ## - NOTA DE CONTENIDO CON FORMATO
Título Sobre las Esculturas subterráneas de Jorge Eduardo Eielson
505 ## - NOTA DE CONTENIDO CON FORMATO
Título Papel y subsuelo. Descensos críticos en torno a las Esculturas subterráneas de Jorge Eduardo Eleison
505 ## - NOTA DE CONTENIDO CON FORMATO
Título De materia sonoris. Sonidos, estructuras, espacios, descubriendo al Jorge Eduardo Eielson compositor
505 ## - NOTA DE CONTENIDO CON FORMATO
Título Aló Teresa
505 ## - NOTA DE CONTENIDO CON FORMATO
Título Curar desde la precariedad
505 ## - NOTA DE CONTENIDO CON FORMATO
Título Un taller como termómetro político - a vueltas con la pedagogía del arte en Lima -
505 ## - NOTA DE CONTENIDO CON FORMATO
Título Imagenes
505 ## - NOTA DE CONTENIDO CON FORMATO
Título Biografias de los Autores
650 ## - PUNTO DE ACCESO ADICIONAL DE MATERIA--TÉRMINO DE MATERIA
Fuente del encabezamiento o término Tesauro de Arte & Arquitectura
Término de materia o nombre geográfico como elemento de entrada ARTE VISUAL
9 (RLIN) 703
650 ## - PUNTO DE ACCESO ADICIONAL DE MATERIA--TÉRMINO DE MATERIA
Fuente del encabezamiento o término Tesauro de Arte & Arquitectura
Término de materia o nombre geográfico como elemento de entrada ARTE CONTEMPORANEO
9 (RLIN) 702
650 ## - PUNTO DE ACCESO ADICIONAL DE MATERIA--TÉRMINO DE MATERIA
Fuente del encabezamiento o término Tesauro de Arte & Arquitectura
Término de materia o nombre geográfico como elemento de entrada CRITICA
9 (RLIN) 702
650 ## - PUNTO DE ACCESO ADICIONAL DE MATERIA--TÉRMINO DE MATERIA
Fuente del encabezamiento o término Tesauro de Arte & Arquitectura
Término de materia o nombre geográfico como elemento de entrada ANALISIS
651 ## - PUNTO DE ACCESO ADICIONAL DE MATERIA--NOMBRE GEOGRÁFICO
Fuente del encabezamiento o término Tesauro de Arte & Arquitectura
Nombre geográfico PERÚ
700 ## - ENTRADA AGREGADA--NOMBRE PERSONAL
Nombre de persona Navarreta, Jose Antonio
Término indicativo de función/relación editor
942 ## - ELEMENTOS DE ENTRADA SECUNDARIOS (KOHA)
Fuente del sistema de clasificación o colocación Clasificación Decimal Dewey
Tipo de ítem Koha Libros
Parte de la signatura que corresponde a la clasificación (Parte de la clasificación) 701.18
Parte de la signatura que identifica el ejemplar (Parte del ítem) B621b
Suprimir en OPAC No
Holdings
Estatus retirado Estado de pérdida Fuente del sistema de clasificación o colocación Especificación de materiales (volumen encuadernado u otra parte) Estado de daño No para préstamo Colección Biblioteca de origen Biblioteca actual Fecha de adquisición Enumeración/cronología de publicación seriada Número de inventario Total de préstamos Signatura topográfica completa Código de barras Visto por última vez Precio de reemplazo Tipo de ítem Koha
    Clasificación Decimal Dewey 2017     Revistas Biblioteca LadoV Biblioteca LadoV 28/06/2023 002 002959   701.18 B621b 002959 28/06/2023 28/06/2023 Libros